Boron influences pollen germination and pollen tube growth in Picea meyeri (Record no. 45808)

MARC details
000 -LEADER
fixed length control field 00415nam a2200157Ia 4500
100 ## - MAIN ENTRY--AUTHOR NAME
Personal name Wang Qinli
245 #0 - TITLE STATEMENT
Title Boron influences pollen germination and pollen tube growth in Picea meyeri
260 ## - PUBLICATION, DISTRIBUTION, ETC. (IMPRINT)
Name of publisher Tree Physiology
Year of publication 2003
300 ## - PHYSICAL DESCRIPTION
Number of Pages 345-351
700 ## - ADDED ENTRY--PERSONAL NAME
Personal name
700 ## - ADDED ENTRY--PERSONAL NAME
Personal name Li Yiqin
700 ## - ADDED ENTRY--PERSONAL NAME
Personal name Lin Jinxing
700 ## - ADDED ENTRY--PERSONAL NAME
Personal name Wu Xiaoqin
942 ## - ADDED ENTRY ELEMENTS (KOHA)
Koha item type Reprints
700 ## - ADDED ENTRY--PERSONAL NAME
-- U Longdou
Holdings
Withdrawn status Lost status Damaged status Not for loan Home library Current library Date acquired Serial Enumeration / chronology Koha item type
      Reprints RRII Library RRII Library 22/12/2021 Volume 23, Issue Reprints